000 00751nac a22001811u 4500
008 100907t xxu||||| |||| 00| 0 eng d
010 _a 87012325
020 _a0023694807
082 0 0 _a624.171
_bLEE
100 _aLeet, Kenneth.
_918476
245 1 0 _aFundamentals of Structural Analysis /
_cKenneth M. Leet.
260 _aNew York :
_bMacmillan ;
_aLondon :
_bCollier Macmillan,1988
_c1988.
300 _axiv, 567 p., [4] leaf of plates :
_bill. ;
_c25 cm.
500 _aIncludes index.
650 0 _aStructural analysis (Engineering)
_918477
942 _cBB
_k624.171LEE
_2ddc
999 _c4077
_d4077